书目信息 |
| 题名: |
教育电视系统
|
|
| 作者: | 杨圭南 编著 | |
| 分册: | ||
| 出版信息: | 北京 高等教育出版社 1998.06 |
|
| 页数: | 257页 | |
| 开本: | 16开 | |
| 丛书名: | ||
| 单 册: | ||
| 中图分类: | G432 | |
| 科图分类: | ||
| 主题词: | 电化教学 , 电化教育 | |
| 电子资源: | ||
| ISBN: | 7-04-006373-5 | |
| 000 | 00510nam0 2200193 45 | |
| 001 | 0009210990 | |
| 005 | 20070713164309.56 | |
| 010 | @a7-04-006373-5@dCNY13.90 | |
| 100 | @a20000921d1998 km y0chiy0120 ea | |
| 101 | 0 | @achi |
| 200 | 1 | @a教育电视系统@f杨圭南编著@FYang Gui Nan Bian Zhu |
| 210 | @a北京@c高等教育出版社@d1998.06 | |
| 215 | @a257页@d16开 | |
| 606 | 0 | @a电化教学 |
| 606 | 0 | @a电化教育 |
| 690 | @aG432@v2 | |
| 701 | 0 | @a杨圭南@4编著 |
| 801 | @aCN@bTSTC@c20070713 | |
| 905 | @b290625-627@dG432@e26=2@f3 | |
| 教育电视系统/杨圭南编著.-北京:高等教育出版社,1998.06 |
| 257页;16开 |
| ISBN 7-04-006373-5:CNY13.90 |
| ● |
| 相关链接 |
|
|
|
|
正题名:教育电视系统
索取号:G432/26=2
 
预约/预借
| 序号 | 登录号 | 条形码 | 馆藏地/架位号 | 状态 | 备注 |
| 1 | 0290625 | 002906252 | 第四借阅区/ [索取号:G432/26=2] | 在馆 | |
| 2 | 0290626 | 002906261 | 第四借阅区/ [索取号:G432/26=2] | 在馆 | |
| 3 | 0290627 | 002906270 | 第一样本阅览室/ [索取号:G432/26=2] | 在馆 | |
| 4 | 0483932 | 204839327 | 密集书库/ [索取号:G432/26=2] | 在馆 | |
| 5 | 0483933 | 204839336 | 密集书库/ [索取号:G432/26=2] | 在馆 | |
| 6 | 0483934 | 204839345 | 密集书库/ [索取号:G432/26=2] | 在馆 | |
| 7 | 0501936 | 205019362 | 密集书库/ [索取号:G432/26=2] | 在馆 | |
| 8 | 0655322 | 206553228 | 库房3/ [索取号:G432/26=2] | 在馆 | |
| 9 | 0775203 | 207752038 | 密集书库/ [索取号:G432/26=2] | 在馆 | |
| 10 | 0777506 | 207775068 | 密集书库/ [索取号:G432/26=2] | 在馆 | |
| 11 | 0778154 | 207781541 | 密集书库/ [索取号:G432/26=2] | 在馆 | |
| 12 | 0778557 | 207785574 | 密集书库/ [索取号:G432/26=2] | 在馆 | |
| 13 | 0779144 | 207791442 | 密集书库/ [索取号:G432/26=2] | 在馆 | |
| 14 | 0779243 | 207792432 | 密集书库/ [索取号:G432/26=2] | 在馆 | |
| 15 | 0779799 | 207797990 | 密集书库/ [索取号:G432/26=2] | 在馆 | |
| 16 | 0779830 | 207798301 | 密集书库/ [索取号:G432/26=2] | 在馆 |